<?xml version="1.0" encoding="UTF-8"?>
<record
    xmlns:xsi="http://www.w3.org/2001/XMLSchema-instance"
    xsi:schemaLocation="http://www.loc.gov/MARC21/slim http://www.loc.gov/standards/marcxml/schema/MARC21slim.xsd"
    xmlns="http://www.loc.gov/MARC21/slim">

  <leader>03315nam a2200277 i 4500</leader>
  <controlfield tag="001">000000757</controlfield>
  <controlfield tag="003">DO-SdBNP</controlfield>
  <controlfield tag="005">20240510111258.0</controlfield>
  <controlfield tag="007">ta</controlfield>
  <controlfield tag="008">090509s1999    dr            000 0 spa d</controlfield>
  <datafield tag="040" ind1=" " ind2=" ">
    <subfield code="a">DO-SdBNP</subfield>
    <subfield code="b">spa</subfield>
    <subfield code="c">BNPHU</subfield>
    <subfield code="e">rda</subfield>
  </datafield>
  <datafield tag="082" ind1=" " ind2="4">
    <subfield code="a">327.7293</subfield>
    <subfield code="b">T198r</subfield>
    <subfield code="2">22</subfield>
  </datafield>
  <datafield tag="100" ind1="1" ind2=" ">
    <subfield code="a">Taveras Guzm&#xE1;n, Juan Ar&#xED;stides,</subfield>
    <subfield code="d">1936-</subfield>
    <subfield code="9">2592</subfield>
    <subfield code="e">autor</subfield>
  </datafield>
  <datafield tag="245" ind1="1" ind2="0">
    <subfield code="a">Rasgos de la pol&#xED;tica exterior dominicana /</subfield>
    <subfield code="c">Juan Ar&#xED;stides Taveras Guzm&#xE1;n.</subfield>
  </datafield>
  <datafield tag="264" ind1=" " ind2=" ">
    <subfield code="a">Santo Domingo :</subfield>
    <subfield code="b">Centenario,</subfield>
    <subfield code="c">1999.</subfield>
  </datafield>
  <datafield tag="300" ind1=" " ind2=" ">
    <subfield code="a">191p&#xE1;ginas ;</subfield>
    <subfield code="c">23 cm.</subfield>
  </datafield>
  <datafield tag="336" ind1=" " ind2=" ">
    <subfield code="2">rdacontent</subfield>
    <subfield code="a">texto</subfield>
    <subfield code="b">txt</subfield>
  </datafield>
  <datafield tag="337" ind1=" " ind2=" ">
    <subfield code="2">rdamedia</subfield>
    <subfield code="a">sin mediaci&#xF3;n</subfield>
    <subfield code="b">n</subfield>
  </datafield>
  <datafield tag="338" ind1=" " ind2=" ">
    <subfield code="2">rdacarrier</subfield>
    <subfield code="a">volumen</subfield>
    <subfield code="b">nc</subfield>
  </datafield>
  <datafield tag="500" ind1=" " ind2=" ">
    <subfield code="a">Incluye datos biogr&#xE1;ficos del autor en la contracubierta.</subfield>
  </datafield>
  <datafield tag="505" ind1="2" ind2=" ">
    <subfield code="a">Palabras introductorias --</subfield>
    <subfield code="g">Cap&#xED;tulo 1.</subfield>
    <subfield code="t">Fundamentos argumentales --</subfield>
    <subfield code="g">Cap&#xED;tulo 2.</subfield>
    <subfield code="t">La genialidad diplom&#xE1;tica dominicana: Los "Protectorados" --</subfield>
    <subfield code="g">Cap&#xED;tulo 3.</subfield>
    <subfield code="t">La anexi&#xF3;n a Espa&#xF1;a, su larva inicial: La "Matr&#xED;cula de Segovia" --</subfield>
    <subfield code="g">Cap&#xED;tulo 4.</subfield>
    <subfield code="t">Del "Protectorado" a la mediaci&#xF3;n. Inicio de entendimiento Dominico-Haitiano. La revoluci&#xF3;n liberal del 1857 --</subfield>
    <subfield code="g">Cap&#xED;tulo 5.</subfield>
    <subfield code="t">La anexi&#xF3;n a Espa&#xF1;a. Una visi&#xF3;n geopol&#xED;tica de sus causas reales --</subfield>
    <subfield code="t">Cap&#xED;tulo 6.</subfield>
    <subfield code="t">La pol&#xED;tica exterior dominicana en la II Rep&#xFA;blica --</subfield>
    <subfield code="g">Cap&#xED;tulo 7.</subfield>
    <subfield code="t">El m&#xE1;s valioso aporte de la Rep&#xFA;blica Dominicana a la vida continental: El principio "De la no intervenci&#xF3;n" --</subfield>
    <subfield code="t">De la "Era de Trujillo" a la democracia pol&#xED;tica --</subfield>
    <subfield code="t">Discurso del canciller de la Rep&#xFA;blica Dominicana, Dr. Juan Ar&#xED;stides Taveras Guzm&#xE1;n en el&#x303; a&#xF1;o 1992 --</subfield>
    <subfield code="t">Palabras pronunciadas por el Dr. Juan Ar&#xED;stides Taveras Guzm&#xE1;n --</subfield>
    <subfield code="t">Declaraci&#xF3;n de su excelencia, Dr. Juan Ar&#xED;stides Taveras Guzm&#xE1;n --</subfield>
    <subfield code="t">Discurso del canciller de la Rep&#xFA;blica Dominicana en el a&#xF1;o 1992 --</subfield>
    <subfield code="t">Discurso pronunciado por el canciller de la Rep&#xFA;blica Dominicana, Dr. Juan Ar&#xED;stides Taveras Guzm&#xE1;n en Washington en diciembre del a&#xF1;o 1992 --</subfield>
    <subfield code="t">Discurso pronunciado por el Dr. Juan Ar&#xED;stides Taveras Guzm&#xE1;n, el 1-10-93 en las Naciones Unidas --</subfield>
    <subfield code="t">Discurso del canciller dominicano el 12-10-93 --</subfield>
    <subfield code="t">Discurso en Nicaragua pronunciado por el canciller Dr. Juan A. Taveras Guzm&#xE1;n --</subfield>
    <subfield code="t">Discurso pronunciado en m&#xE9;jico el 18-2-94, por el canciller dominicano Dr. Juan Ar&#xED;stides Taveras Guzm&#xE1;n --</subfield>
    <subfield code="t">Discurso inauguraci&#xF3;n-bienal de pintura del caribe -- Discurso de apertura c&#xF3;nclave la CEPAL en R. D.</subfield>
  </datafield>
  <datafield tag="505" ind1="2" ind2=" ">
    <subfield code="t">Discurso en acuerdo con el gobierno del Jap&#xF3;n --</subfield>
    <subfield code="t">Discurso apertura c&#xF3;nclave sociedad industrial para el desarrollo --</subfield>
    <subfield code="t">Discurso como canciller de la Rep. Dom. En conmemoraci&#xF3;n del V Centenario --</subfield>
    <subfield code="t">Discurso como canciller en R: D. -- Discurso como canciller en R. D. Con motivo inauguraci&#xF3;n Plaza del Ecuador --</subfield>
    <subfield code="t">Discurso como canciller a nombre del jefe de estado condecorando al Sr. Pte. del Salvador --</subfield>
    <subfield code="t">Discurso condecoraci&#xF3;n presidente de Argentina --</subfield>
    <subfield code="t">Discurso pronunciado por el secretario de estado de relaciones exteriores Doctor Juan Ar&#xED;stides Taveras Guzm&#xE1;n --</subfield>
    <subfield code="t">El d&#xED;a 16 de enero de 1992 --</subfield>
    <subfield code="t">Discurso del canciller en R. D. Anunciando la actualizaci&#xF3;n de la escuela diplom&#xE1;tica --</subfield>
    <subfield code="t">Discurso apertura IV conferencia consejo del Caribe.</subfield>
  </datafield>
  <datafield tag="651" ind1=" " ind2="4">
    <subfield code="a">Rep&#xFA;blica Dominicana</subfield>
    <subfield code="x">Relaciones exteriores</subfield>
    <subfield code="9">2258</subfield>
  </datafield>
  <datafield tag="651" ind1=" " ind2="4">
    <subfield code="a">Rep&#xFA;blica Dominicana</subfield>
    <subfield code="x">Historia</subfield>
    <subfield code="x">Anexi&#xF3;n a Espa&#xF1;a</subfield>
    <subfield code="y">1861-1865</subfield>
    <subfield code="9">2593</subfield>
  </datafield>
  <datafield tag="942" ind1=" " ind2=" ">
    <subfield code="2">ddc</subfield>
    <subfield code="c">LBS1</subfield>
  </datafield>
  <datafield tag="952" ind1=" " ind2=" ">
    <subfield code="0">0</subfield>
    <subfield code="1">0</subfield>
    <subfield code="2">ddc</subfield>
    <subfield code="5">6</subfield>
    <subfield code="7">0</subfield>
    <subfield code="8">DS</subfield>
    <subfield code="a">BNPHU</subfield>
    <subfield code="b">BNPHU</subfield>
    <subfield code="c">HD</subfield>
    <subfield code="d">2009-08-25</subfield>
    <subfield code="l">0</subfield>
    <subfield code="o">BNPHU DS 327.7293 T198r</subfield>
    <subfield code="p">757-30</subfield>
    <subfield code="r">2020-06-25</subfield>
    <subfield code="t">e. 3</subfield>
    <subfield code="w">2020-06-25</subfield>
    <subfield code="y">LBS1</subfield>
    <subfield code="Z">Pr&#xE9;stamo interno</subfield>
  </datafield>
  <datafield tag="952" ind1=" " ind2=" ">
    <subfield code="0">0</subfield>
    <subfield code="1">0</subfield>
    <subfield code="2">ddc</subfield>
    <subfield code="5">1</subfield>
    <subfield code="7">0</subfield>
    <subfield code="8">PD</subfield>
    <subfield code="a">BNPHU</subfield>
    <subfield code="b">BNPHU</subfield>
    <subfield code="c">HD</subfield>
    <subfield code="d">2009-08-25</subfield>
    <subfield code="l">0</subfield>
    <subfield code="o">BNPHU PD 327.7293 T198r</subfield>
    <subfield code="p">757-10</subfield>
    <subfield code="r">2020-06-25</subfield>
    <subfield code="w">2020-06-25</subfield>
    <subfield code="y">LBS1</subfield>
    <subfield code="Z">No se presta</subfield>
  </datafield>
  <datafield tag="952" ind1=" " ind2=" ">
    <subfield code="0">0</subfield>
    <subfield code="1">0</subfield>
    <subfield code="2">ddc</subfield>
    <subfield code="5">1</subfield>
    <subfield code="7">0</subfield>
    <subfield code="8">PD</subfield>
    <subfield code="a">BNPHU</subfield>
    <subfield code="b">BNPHU</subfield>
    <subfield code="c">HD</subfield>
    <subfield code="d">2009-08-25</subfield>
    <subfield code="l">0</subfield>
    <subfield code="o">BNPHU PD 327.7293 T198r</subfield>
    <subfield code="p">757-20</subfield>
    <subfield code="r">2020-06-25</subfield>
    <subfield code="t">e. 2</subfield>
    <subfield code="w">2020-06-25</subfield>
    <subfield code="y">LBS1</subfield>
    <subfield code="Z">No se presta</subfield>
  </datafield>
  <datafield tag="952" ind1=" " ind2=" ">
    <subfield code="0">0</subfield>
    <subfield code="1">0</subfield>
    <subfield code="2">ddc</subfield>
    <subfield code="5">6</subfield>
    <subfield code="7">0</subfield>
    <subfield code="8">DS</subfield>
    <subfield code="a">BNPHU</subfield>
    <subfield code="b">BNPHU</subfield>
    <subfield code="c">HD</subfield>
    <subfield code="d">2024-05-10</subfield>
    <subfield code="e">Donaci&#xF3;n</subfield>
    <subfield code="l">0</subfield>
    <subfield code="o">BNPHU DS 327.7293 T198r</subfield>
    <subfield code="p">2024-2870</subfield>
    <subfield code="r">2024-05-10</subfield>
    <subfield code="t">e.4</subfield>
    <subfield code="w">2024-05-10</subfield>
    <subfield code="y">LBS1</subfield>
    <subfield code="z">Perteneci&#xF3; a la biblioteca personal de Emilio Cordero Michel.</subfield>
  </datafield>
  <datafield tag="999" ind1=" " ind2=" ">
    <subfield code="c">753</subfield>
    <subfield code="d">753</subfield>
  </datafield>
</record>
